000
00214 a2200097 4500
001
42992
100
_a
Bolitho
245
_a
Jinnah: creator of Pakistan
260
_a
London
_b
John Murray
_c
090
_c
26868
_d
26868
942
_a
NUST-CAE
_c
M
_c
18744
999
_c
278065
_d
278065